| 000 | 00499nam a2200181Ia 4500 | ||
|---|---|---|---|
| 008 | 240925s9999 xx 000 0 und d | ||
| 020 | _a138232792 | ||
| 082 | _a005.1 LAM | ||
| 100 | _aLamb, David Alex | ||
| 245 | 0 | _aSoftware Engineering Planning for Change | |
| 250 | _aNA | ||
| 260 |
_aLondon: _bPrentice, Hall _c,1988. |
||
| 300 |
_aix,235p. _bNA _fOriginal |
||
| 500 | _aIncludes Index | ||
| 600 | _aComputer Science | ||
| 650 | _aComputer science, information & general works | ||
| 942 | _cBK | ||
| 999 |
_c3231 _d3231 |
||